The 8th Habbit (Record no. 4776)

MARC details
000 -LEADER
fixed length control field 00382nam a22001697a 4500
005 - DATE AND TIME OF LATEST TRANSACTION
control field 20260413104914.0
008 - FIXED-LENGTH DATA ELEMENTS--GENERAL INFORMATION
fixed length control field 160629b xxu||||| |||| 00| 0 eng d
020 ## - INTERNATIONAL STANDARD BOOK NUMBER
ISBN 978-1-84739-146-9
041 ## - LANGUAGE CODE
Language code of text/sound track or separate title eng
082 ## - DEWEY DECIMAL CLASSIFICATION NUMBER
Classification number 158.1
100 ## - MAIN ENTRY--AUTHOR NAME
Personal name Covey, Stephen R.
245 ## - TITLE STATEMENT
Title The 8th Habbit
260 ## - PUBLICATION, DISTRIBUTION, ETC. (IMPRINT)
Name of publisher Franckline covey
300 ## - PHYSICAL DESCRIPTION
Number of Pages 387
650 ## - SUBJECT ADDED ENTRY--TOPICAL TERM
Topical Term Management
942 ## - ADDED ENTRY ELEMENTS (KOHA)
Koha item type Books
Holdings
Lost status Damaged status Collection code Home library Current library Shelving location Date acquired Full call number Accession Number Koha item type
    LIFE SKILL JRU Library JRU Library SHELF-101-F 29/06/2016 158.1 10868 Books